| 000 | 00408nam a22001577a 4500 | ||
|---|---|---|---|
| 005 | 20160524122227.0 | ||
| 008 | 160524b xxu||||| |||| 00| 0 eng d | ||
| 041 | _aeng | ||
| 082 | _b4602 | ||
| 100 |
_aLomesh, sukul, Mishra, P.K. _91139 |
||
| 245 | _aBusiness Policy and Strategic Management | ||
| 260 |
_aNew Delhi _bAcademic Faundation _c2004 |
||
| 300 | _a370 | ||
| 650 |
_aManagement _9241 |
||
| 942 | _cBK | ||
| 999 |
_c1545 _d1544 |
||